Представление документа в формате RUSMARC

ПолеНазваниеЗначение
  Тип записи a
  Библиографический уровень m
001 Контрольный номер 902ff0d1ab2448f694cf302dae2b6ad2
005 Дата корректировки 20140602111821.7
010 Индекс ISBN __
a ISBN 978-5-392-01682-2
200 Заглавие и сведения об ответственности 1_
a Заглавие Международное публичное право
e Сведения, относящиеся к заглавию учеб. для вузов
f Первые сведения об ответственности Л. П. Ануфриева [et al.]. ; ред. К. А. Бекяшев
g Последующие сведения об ответственности М-во образования и науки РФ, Моск. гос. юрид. акад.
205 Сведения об издании __
a Основные сведения об издании 5-е изд., перераб. и доп.
210 Выходные данные 1_
c Издательство Проспект
a Место издания М.
d Дата издания 2011
215 Физическое описание __
a Объем 997, [1] с.
300 Общие примечания __
a Общие примечания гриф МО
610 Ключевые слова 0_
a Ключевые слова публичное право
610 Ключевые слова 0_
a Ключевые слова международное право
610 Ключевые слова 0_
a Ключевые слова международно-правовой режим
610 Ключевые слова 0_
a Ключевые слова предмет международного права
610 Ключевые слова 0_
a Ключевые слова история международного права
610 Ключевые слова 0_
a Ключевые слова субъекты международного права
610 Ключевые слова 0_
a Ключевые слова международные споры
610 Ключевые слова 0_
a Ключевые слова международные договоры
610 Ключевые слова 0_
a Ключевые слова права человека
610 Ключевые слова 0_
a Ключевые слова право внешних сношений
610 Ключевые слова 0_
a Ключевые слова международные организации
610 Ключевые слова 0_
a Ключевые слова оон
610 Ключевые слова 0_
a Ключевые слова снг
610 Ключевые слова 0_
a Ключевые слова международная безопасность
610 Ключевые слова 0_
a Ключевые слова международное экономическое право
610 Ключевые слова 0_
a Ключевые слова международное гуманитарное право
610 Ключевые слова 0_
a Ключевые слова борьба с терроризмом
610 Ключевые слова 0_
a Ключевые слова терроризм
610 Ключевые слова 0_
a Ключевые слова международное сотрудничество
610 Ключевые слова 0_
a Ключевые слова международное процессуальное право
610 Ключевые слова 0_
a Ключевые слова учебник
610 Ключевые слова 0_
a Ключевые слова гриф мо
686 Индексы других классификаций __
a Классификационный индекс 67.91я73
2 Код системы rubbk
701 Альтернативная интеллектуальная ответственность _1
a Фамилия Ануфриева
b Имя Л. П.
701 Альтернативная интеллектуальная ответственность _1
a Фамилия Бекяшев
b Имя К. А.
701 Альтернативная интеллектуальная ответственность _1
a Фамилия Бекяшев
b Имя Д. К.
701 Альтернативная интеллектуальная ответственность _1
a Фамилия Волосов
b Имя М. Е.
702 Вторичная интеллектуальная ответственность _1
a Фамилия Бекяшев
b Имя К. А.
4 Код отношения 340
711 Наименование организации. (Альтернативная ответственность) 02
a Организация/ юрисдикция М-во образования и науки РФ
711 Наименование организации. (Альтернативная ответственность) 02
a Организация/ юрисдикция Моск. гос. юрид. акад.
801 Источник записи _0
a Страна RU
b Организация РУК
c Дата составления 20121101
g Правила каталогизации PSBO
801 Источник записи _1
a Страна RU
b Организация РУК
c Дата составления 20121101
g Правила каталогизации PSBO
852 Данные о местонахождении __
j Шифр хранения ББК 67
i Авторский знак М 43
901 Тип документа __
t Тип документа m
938 Служебная информация __
a Название организации Головной вуз
b Имя БД BOOK
c Название АИБС АИБС ИРБИС
952 Тип литературы __
b Гриф литературы для ВШ гриф МО